| 000 | 00693nam a22002057a 4500 | ||
|---|---|---|---|
| 005 | 20240530110921.0 | ||
| 008 | 220221s2009 ua a g b 000 0 ara d | ||
| 040 |
_aEG-CaGPL _cEG-CaGPL |
||
| 082 | 0 | 4 |
_221 _a811.009 \ _bف ن |
| 100 | 0 | _aفوزى عيسى | |
| 245 | 1 | 2 |
_aالنص الشعرى واليات القراءة / _cفوزى عيسى |
| 250 | _aط.1 | ||
| 260 |
_aالاسكندرية : _bدار المعرفة الجامعية، _c2009 |
||
| 300 |
_a410 ص؛ _c24 سم |
||
| 650 | 0 | 7 | _aالشعر العربى |
| 650 | 0 | 7 |
_aالشعر العربى _xتاريخ ونقد |
| 650 | 0 | 7 | _aالادب العربي |
| 942 |
_2ddc _cBK |
||
| 999 |
_c66484 _d66484 |
||